000 00271nam a22001217a 4500
999 _c153485
_d153485
082 _a
_b
100 _aPrabhakar Machvey
245 _aVrindavanlal Verma/
_cby Prabhakar Machvey .
260 _aDelhi:
_bRajpal,
_c1990.
300 _a100p.
650 _a
942 _cBK